| 000 | 00524nam a2200181Ia 4500 | ||
|---|---|---|---|
| 003 | LDD | ||
| 008 | 190117s9999 xx 000 0 und d | ||
| 020 |
_a8186304363 _c₹400 |
||
| 040 | _cLDD | ||
| 041 | _ahi | ||
| 082 | _a8H4.7 क6412 | ||
| 100 | _aसिंह, महीप | ||
| 245 | 0 |
_aकरक कलेजे माहि _cमहीप सिंह |
|
| 260 |
_aदिल्ल _bभारत पुस्तक भंडार _c2005 |
||
| 300 | _a344 | ||
| 904 | _aReqst by : J.M. Parekh | ||
| 942 |
_2ddc _cH |
||
| 999 |
_c173835 _d173835 |
||